| 000 | 00739cam a22002411 4500 | ||
|---|---|---|---|
| 001 | ne 68002719 | ||
| 003 | DLC | ||
| 005 | 20260227111844.0 | ||
| 008 | 901025m19679999ua b 000 0 arar | ||
| 010 | _ane 68002719 | ||
| 025 | _aPL480:UAR-9270 | ||
| 035 | _a(OCoLC)22585940 | ||
| 040 |
_aDLC _cWaU _dDLC |
||
| 042 | _apremarc | ||
| 050 | 0 | 0 |
_aDS223 _b.S25 |
| 100 | 1 | _aSālim, al-Sayyid ʻAbd al-ʻAzīz. | |
| 245 | 1 | 0 |
_aDirāsāt fī tārīkh al-ʻArab, _ctaʼlīf al-Sayyid ʻAbd al-ʻAzīz Sālim. |
| 260 |
_a[al-Iskandarīyah] _bDār al-Maʻārif _c1967 [cover 1968]- |
||
| 300 |
_a2 v. _c24 cm. |
||
| 504 | _aBibliography, v. 1, p. [667]-689. | ||
| 505 | 1 | _aJuzʼ 1. ʻAṣr mā qabla al-Islām-- | |
| 650 | 0 |
_aArabs _xHistory. |
|
| 999 |
_c50594 _d50594 |
||